00456 2200169 4500001002100000005001500021008004100036020001800077035001900095041000700114082001200121090001800133100001800151245003400169260004200203300004100245INLIS00000000003085120241224133049241224||||||||| | ||| |||| || |  a979-22-1713-4 0010-1224030851 aid0 a181.043 a181.043 IND k0 aIndra Gunawan00aKisah-kisah kebijaksanaan zen aJakartabGramedia Pustaka Utamac2006 axxii, 178 halaman; ilustrasi ; 20 cm